| 000 | 00709nam a2200193 a 4500 | ||
|---|---|---|---|
| 001 | 000032579 | ||
| 005 | 20200930065722.0 | ||
| 008 | 110214s1979 dr ac 000 0 spa d | ||
| 040 |
_aDO-SdBNP _bspa _cBNPHU |
||
| 082 |
_a970 _bV768m, 1979 |
||
| 100 | 1 |
_aVincent Cepeda, Altagracia _943279 |
|
| 245 | 1 | 0 |
_aManual de historia de américa : _b(desarrollo conforme al programa del primer teórico de la República Dominicana) / _cAltagracia Vincent Cepeda. |
| 250 | _a10a ed. corr. y amp. | ||
| 260 |
_aSanto Domingo : _bAmigo del Hogar, _c1979. |
||
| 300 |
_a248 p. : _bil., retr. ; _c24 cm. |
||
| 590 | _aInventariado, 2020/YL | ||
| 651 | 4 |
_aAmérica _xHistoria _9865 |
|
| 910 | _aValidado. Control de calidad MFF | ||
| 999 |
_c32070 _d32070 |
||